00601nam a2200217Ia 4500008004100000041001200041082000800053082001100061100001600072100001100088245003300099250001200132260001200144260003000156260000900186300001500195365002500210942000700235999001900242952012200261150909s9999 xx 000 0 und d aEnglish a620 bGAR/OE aGartmam H  eEditor aD level engineering handbook a3rd Ed. aNewYork bMc Graw Hill Book company c1970 a400 Pages aUSD.26.95  cBK c229118d229118 00104070aKAUCOAbKAUCOAd2015-09-16g0.00l0o620 GAR/OEpKAU-COA-11595 r2015-09-16 00:00:00w2015-09-16yBK